02995cam a2200373 i 450000100090000000300050000900500170001400800410003101000170007202000250008902000220011403500240013604000780016004200080023805000220024607200120026807200130028010000340029324501590032724600950048624600240058126000590060530000460066449000330071050000340074350000510077750505700082852010670139865000210246565000390248665000390252565000230256483000340258717774715PILC20150805082543.0130612t20132013ne a b 001 0 eng c a 2013371479 a9789490947828 (hbk.) a9490947822 (hbk.) a(OCoLC)ocn824733878 aYDXCPbengcYDXCPerdadCOOdOCLCOdGULdERASAdCDXdOHXdWLLdOCLCQdDLC apcc00aK 1315b.M37 2013 7aK2lcco 7aHD2lcco1 aMasouros, Pavlos E.,eauthor.10aCorporate law and economic stagnation :bhow shareholder value and short-termism contribute to the decline of the Western economies /cPavlos E. Masouros.30aHow shareholder value and short-termism contribute to the decline of the Western economies3 aProgress stagnation aNetherlands :bEleven International Publishing,c2013. axxi, 342 pages :billustrations ;c25 cm.1 aDovenschmidt monographs ;v1 a"Progress stagnation"--Cover. aIncludes bibliographical references and index.0 aCorporate governance and international political economy : how changes in the international monetary order brought about the great reversal in corporate governance and the great reversal in shareholdership -- Modeling short-term shareholdership's negative impact on the dynamics of capital accumulation : the post-Keynesian theory of the firm -- Corporate law's contribution to the great reversal in corporate governance -- Corporations and shareholder eugenics : how corporate law sustains the great reversal in shareholdership -- The path towards long governance.8 aThe shift in the institutional logics of corporate governance towards shareholder value coupled with shareholdership's increasing short-termism have cumulatively contributed to the low GDP growth rates that are observed in five major Western economies (France, Germany, The Netherlands, UK, US) since the breakdown of the Bretton Woods system in the 1970s. This book presents - through empirical data and with the help of the post-Keynesian theory of the firm - a historical causality chain: The two Great Reversals led to higher equity payout ratios and lower retention ratios in public corporations that in turn caused lower growth rates of (business) capital accumulation that in turn caused lower GDP growth rates. Corporate law has been an accomplice for the reorientation of corporate governance towards shareholder value, i.e. for the Great Reversal in Corporate Governance, and thus it indirectly shares the blame for the low rates of capital accumulation that have thrown the five major Western economies in a stagnation mode over the past four decades. 0aCorporation law. 0aCorporation lawxEconomic aspects. 0aSocial responsibility of business. 0aLaw and economics. 0aDovenschmidt monographs ;v1.